| 000 | 00435cam a2200181ua 4500 | ||
|---|---|---|---|
| 020 | _cRs 2.25 | ||
| 041 |
_amal _h |
||
| 082 |
_a951.036 _bDAM/CH |
||
| 100 | _aDamodaran, K . | ||
| 245 |
_aChinayile viplavam / _cK Damodaran. _hTextual Documents |
||
| 250 |
_a1 / _b. |
||
| 260 |
_aKottayam : _bNational Book Stall , _c1952. |
||
| 300 | _a226 ; . | ||
| 365 | _aRs 2.25 | ||
| 504 | _a | ||
| 942 | _cBK | ||
| 999 |
_c322 _d322 |
||